|
|
|
|
| LEADER |
00000cam a2200000 7i4500 |
| 001 |
0000002165 |
| 005 |
20030314.0 |
| 020 |
0 |
0 |
|a 0415241707
|
| 090 |
0 |
0 |
|a 363.702
|b ENV 2002
|
| 245 |
0 |
0 |
|a ENVIRONMENTAL modelling with GIS and remote sensing
|c edited by Andrew Skidmore
|
| 260 |
0 |
0 |
|a London ; New York :
|b Taylor & Francis ,
|c 2002
|
| 300 |
|
|
|a xviii, 268 p. :
|b ill. ;
|c 24 cm.
|
| 500 |
0 |
0 |
|a Includes bibliographical references
|
| 650 |
0 |
0 |
|a Environmental sciences
|x Mathematical models
|
| 650 |
0 |
0 |
|a Environmental sciences
|x Remote sensing
|
| 650 |
0 |
0 |
|a Geographic information systems
|
| 700 |
0 |
1 |
|a Skidmore
|h Andrew ,
|d (Andrew K.)
|
| 998 |
|
|
|a JPSM
|
| 999 |
|
|
|a 0000003647
|b Monograph
|c Open Shelf
|e Default branch
|